| 000 | 02395nam a2200397 a 4500 | ||
|---|---|---|---|
| 001 | ebr10225513 | ||
| 003 | CaPaEBR | ||
| 006 | m u | ||
| 007 | cr cn||||||||| | ||
| 008 | 070809s2007 cau sb 000 0 eng | ||
| 010 | _z 2007033042 | ||
| 020 | _z9780833041500 (pbk. : alk. paper) | ||
| 020 | _z0833041509 (pbk. : alk. paper) | ||
| 040 |
_aCaPaEBR _cCaPaEBR |
||
| 035 | _a(OCoLC)183655423 | ||
| 043 | _an-us--- | ||
| 050 | 1 | 4 |
_aUB418.W65 _bA87 2007eb |
| 082 | 0 | 4 |
_a355.4082/0973 _222 |
| 245 | 0 | 0 |
_aAssessing the assignment policy for army women _h[electronic resource] / _cMargaret C. Harrell ... [et al.]. |
| 260 |
_aSanta Monica, CA : _bRAND National Defense Research Institute, _c2007. |
||
| 300 | _axxvi, 158 p. | ||
| 500 | _a"MG-590-1-OSD"--P. [4] of cover. | ||
| 500 | _a"Prepared for the Office of the Secretary of Defense." | ||
| 504 | _aIncludes bibliographical references (p. 151-158). | ||
| 505 | 0 | _aIntroduction -- Is there a shared interpretation of the assignment policy for Army women? -- Is the Army complying with the assignment policy? -- Is the assignment policy appropriate for future military operations? -- Conclusions and recommendations -- Appendixes: A. Aspin 1994 memorandum -- B. The difference between an assignment policy and an employment policy -- C. Opportunities available to Army women -- D. Army women deployed to Iraq -- E. Interviews with senior Army, OSD, and JS personnel and members of congress -- F. Interviews and focus groups with personnel recently returned from Iraq -- G. Army modularity, asymmetric threats, and nonlinear battlefields -- H. Female Army recipients of the Combat Action Badge. | |
| 530 | _aAlso available via the Internet. | ||
| 533 |
_aElectronic reproduction. _bPalo Alto, Calif. : _cebrary, _d2013. _nAvailable via World Wide Web. _nAccess may be limited to ebrary affiliated libraries. |
||
| 650 | 0 |
_aWomen in combat _xGovernment policy _zUnited States. |
|
| 650 | 0 |
_aWomen soldiers _xGovernment policy _zUnited States. |
|
| 651 | 0 |
_aUnited States _xArmed Forces _xWomen. |
|
| 655 | 7 |
_aElectronic books. _2local |
|
| 700 | 1 | _aHarrell, Margaret C. | |
| 710 | 1 |
_aUnited States. _bDept. of Defense. _bOffice of the Secretary of Defense. |
|
| 710 | 2 | _aebrary, Inc. | |
| 856 | 4 | 0 |
_uhttp://site.ebrary.com/lib/rucke/Doc?id=10225513 _zAn electronic book accessible through the World Wide Web; click to view |
| 999 |
_c40822 _d40822 |
||